logo

Bir Sreshtho Munshi Abdur Rouf Library
Jhenaidah Cadet College

The romantics and Victorians / (Record no. 8922)

MARC details
000 -LEADER
fixed length control field 00856cam a22002891 4500
001 - CONTROL NUMBER
JCCL Control Number 8922
003 - CONTROL NUMBER IDENTIFIER
JCCL marc code BD-JhCC
005 - DATE AND TIME OF LATEST TRANSACTION
control field 20180621132552.0
008 - FIXED-LENGTH DATA ELEMENTS--GENERAL INFORMATION
fixed length control field 740504s1966 nyu 000 0 eng
035 ## - SYSTEM CONTROL NUMBER
system control number (BD-JhCC)8922
040 ## - CATALOGING SOURCE
Original cataloging agency DLC
Transcribing agency DLC
Modifying agency DLC
-- BD-JhCC
041 ## - LANGUAGE CODE
Language code of Book eng
050 00 - LIBRARY OF CONGRESS CALL NUMBER
Classification number PR1139
Item number .F68 1966
082 00 - DEWEY DECIMAL CLASSIFICATION NUMBER
Classification number 820.8
Author mark and Year FRA 1966
100 0# - MAIN ENTRY--PERSONAL NAME
Personal name Francis Camilla,
Titles and other words associated with a name Sister, S.L.,
245 14 - TITLE STATEMENT
Title The romantics and Victorians /
Statement of responsibility, etc [by] Sister Francis Camilla [and] John F. Ennis.
250 ## - EDITION STATEMENT
Edition statement Rev. ed.
260 ## - PUBLICATION, DISTRIBUTION, ETC. (IMPRINT)
Place of publication, distribution, etc New York,
Name of publisher, distributor, etc Macmillan
Date of publication, distribution, etc [1966]
300 ## - PHYSICAL DESCRIPTION
Pagination viii, 374 p.
Dimensions 21 cm.
490 1# - SERIES STATEMENT
Series statement The Pageant of literature
650 #0 - SUBJECT ADDED ENTRY--TOPICAL TERM
Topical term or geographic name as entry element English literature
Chronological subdivision 18th century.
650 #0 - SUBJECT ADDED ENTRY--TOPICAL TERM
Topical term or geographic name as entry element English literature
Chronological subdivision 19th century.
650 #0 - SUBJECT ADDED ENTRY--TOPICAL TERM
Topical term or geographic name as entry element Romanticism
Geographic subdivision Great Britain.
700 1# - ADDED ENTRY--PERSONAL NAME
Personal name Ennis, John F.,
942 ## - ADDED ENTRY ELEMENTS (KOHA)
Source of classification or shelving scheme Dewey Decimal Classification
Koha item type Books
Holdings
Source of classification or shelving scheme Damaged status Not for loan Home library Current library Shelving location Total Checkouts Full call number Barcode Date last seen Copy number Koha item type
Dewey Decimal Classification     JCC Rouf Library JCC Rouf Library General Stacks   820.8 FRA 1966 11942 03/05/2018 C - 1 Books
Dewey Decimal Classification     JCC Rouf Library JCC Rouf Library General Stacks   820.8 FRA 1966 11943 03/05/2018 C - 2 Books

JCC Library | Contacts | JCC Home

Last Update on 23 September 2017
Copyright @ 2017-2020 JCC Rouf Library
Rouf Library, Jhenidah Cadet College (JCC), Bangladesh